Statistics for Countries that Start with P

Click here to take the quiz!

General Stats

  • This quiz has been taken 936,137 times
    (936,067 since last reset)
  • The average score is 7 of 9

Answer Stats

Country% Correct
Panama
85%
Pakistan
81%
Peru
79%
Poland
79%
Portugal
77%
Paraguay
75%
Palau
64%
Philippines
63%
Papua New Guinea
62%

Score Distribution

Percentile by Number Answered

Percent of People with Each Score

Your Score History

You have not taken this quiz since the last reset